| 000 | 00488nam a2200145Ia 4500 | ||
|---|---|---|---|
| 008 | 220216s9999 xx 000 0 und d | ||
| 100 | _aAkhtar Feroza | ||
| 245 | 0 | _aExtractable proteins from electron beam (EB) irradiated natural rubber (NR) latex | |
| 260 | _bProceedings of the 2nd International Symp. Radn Vulcn Latex, Kuala Lumpur, 1996, p133-142 | ||
| 650 | _aElectron beam | ||
| 650 | _aNatural rubber latex | ||
| 700 | _aMakuuchi Keizo | ||
| 700 | _aYoshii Fumio | ||
| 942 | _cJS | ||
| 999 |
_c59196 _d59196 |
||